Top 10 Most Spoken Languages - Statistics

General Stats
  • This quiz has been taken 31 times
  • The average score is 9 of 10
Answer Stats
Hint Answer % Correct
1.5 Billion English
96%
310 Million French
96%
560 Million Spanish
96%
1.1 Billion Mandarin Chinese
92%
274 Million Arabic
88%
610 Million Hindi
88%
264 Million Portuguese
88%
255 Million Russian
88%
232 Million Urdu
72%
273 Million Bengali
60%
No matching quizzes found
Score Distribution
Percent of People with Each Score
Percentile by Number Answered
Your Score History
You have not taken this quiz